| 000 | 00455 a2200157 4500 | ||
|---|---|---|---|
| 003 | OSt | ||
| 005 | 20240110130845.0 | ||
| 008 | 240110b |||||||| |||| 00| 0 eng d | ||
| 040 | _coclc | ||
| 082 |
_a297 _bSN E/A |
||
| 100 |
_aSnehajan _910250 |
||
| 245 |
_aArshabharatham sankalpavum yadarthyavum / _cSnehajan |
||
| 260 |
_aKozhikode: _bDarsana publications, _c2009. |
||
| 300 | _a116p | ||
| 942 |
_2ddc _cBK _h297 _iSNE/A _k297 _mSNE/A |
||
| 999 |
_c43082 _d43082 |
||